000
00235nam a2200097Ia 4500
005
20251222114347.0
008
251222s1900||||xx |||||||||||||| ||spa||
082
_a
DVD0060/G26/2004
245
0
_a
Educando a Helen:Raising Helen
942
_c
DVD
999
_c
1088
_d
1088